00284nam a22001097a 4500020001800000082001600018100001800034245004800052260004700100300000800147650001900155 a9788120803244 a301.412 ALT aAltekar, A.S. aThe Position of Women in Hindu Civilization aDelhibMotilal Banarsidas Publishersc1989 a378 aWomen-Hinduism